000 00807nam a2200241Ia 4500
003 OSt
005 20221005112909.0
006 a|||||r|||| 00| 0
007 ta
008 221004b |||||||| |||| 00| 0 pan d
020 _a9788178730370 (hbk)
_c320
024 _a107426
037 _b519, 02/02/2011, H.K. Prakashan
_cTextual
040 _aCRL
_cCRL
_bpan
041 _2pan
_apan
082 _aV243.N, 153P9
100 _aਜਰਨੈਲ ਸਿੰਘ
245 0 _a1984
_b ਸਿੱਖ ਕਤਲੇਆਮ ਦਾ ਸੱਚ
260 _aਦਿੱਲੀ
_bਸਿੱਖ ਖ਼ਾਊ੍ਵਡੇਨ ਭਾਰਤ
_c2009
300 _a224ਪੰ
_ccm.
942 _hV243.N, 153P9
_cTEXL
_2cc
999 _c1026358
_d1026358